En torno de Ricardo Palma.

Gorde:
Xehetasun bibliografikoak
Egile nagusia: Feliú Cruz, Guillermo (autor)
Formatua: Liburua
Hizkuntza:gaztelania
Argitaratua: Santiago, Chile Prensas de la Universidad de Chile 1933
Gaiak:
Etiketak: Etiketa erantsi
Etiketarik gabe, Izan zaitez lehena erregistro honi etiketa jartzen!

MARC

LEADER 00000nam a2200000 a 4500
001 UCJ3096
003 CL-VaPUC
005 20220311074025.0
008 070124e19330000CL |||||||||||||||||spa|d
999 |c 319219  |d 319217 
040 |c Pontificia Universidad Católica de Valparaíso 
082 0 4 |a Ch864 FEL 1933  |2 21 
100 |a Feliú Cruz, Guillermo  |e autor  |9 392726 
245 1 0 |a En torno de Ricardo Palma. 
260 0 3 |a Santiago, Chile  |b Prensas de la Universidad de Chile  |c 1933 
300 |a 2 volúmenes. 
500 |a El v. 1 trae 10 láminas fuera de texto correspondientes a distintas etapas de la vida de Don Ricardo, la última con una nota manuscrita de Don Eduardo 
505 |a v.1: la estancia en Chile. v.2: ensayo crítico bibliográfico. 
583 |a last modification  |c 20150114 10:06:01  |k Rodrigo Vera 
650 0 |a Biografías  |9 255210 
650 0 |a Iconografía   |9 267998 
650 0 |a Bibliografías   |9 257071 
650 0 |a Crítica literaria   |9 269189 
650 7 |a PRESIDENTES PERUANOS  |2 CL-VaPUC  |9 504410 
650 7 |a GUERRAS CIVILES  |2 CL-VaPUC  |9 361938 
650 0 |a Correspondencia  |9 258963 
651 0 |a Perú  |9 256567 
942 |c BK  |2 ddc 
945 |d 20070124 00:00:00  |a rinostro 
952 |0 0  |1 0  |4 0  |6 CH_864_000000000000000_FEL_1933  |7 0  |8 X  |9 397482  |a FDOBUD  |b FDOBUD  |d 2019-11-22  |h v.1  |i 1063979  |o Ch864 FEL 1933  |p 1063979  |r 2019-11-22  |t 1  |w 2019-11-22  |y BK_X  |k BUD 
952 |0 0  |1 0  |4 0  |6 CH_864_000000000000000_FEL_1933  |7 0  |8 X  |9 397483  |a FDOBUD  |b FDOBUD  |d 2019-11-22  |h v.2  |i 1063987  |o Ch864 FEL 1933  |p 1063987  |r 2019-11-22  |t 1  |w 2019-11-22  |y BK_X  |k BUD